Point-Scoring F1 Drivers (2011-2020) - Statistics

General Stats
  • This quiz has been taken 781 times
  • The average score is 34 of 47
Answer Stats
Total Points Driver Nat. Team(s) % Correct
3,282 Lewis Hamilton GBR McLaren / Mercedes
100%
1,162 Max Verstappen NED Toro Rosso / Red Bull Racing
99%
2,637 Sebastian Vettel GER Red Bull Racing / Ferrari
99%
1,284 Kimi Räikkönen FIN Lotus / Ferrari / Alfa Romeo
98%
1,512 Valtteri Bottas FIN Williams / Mercedes
98%
1,159 Daniel Ricciardo AUS Toro Rosso / Red Bull Racing / Renault
97%
1,070 Fernando Alonso ESP Ferrari / McLaren
97%
1,377 Nico Rosberg GER Mercedes
97%
706 Sergio Pérez MEX Sauber / McLaren / Force India / Racing Point
97%
401 Charles Leclerc MON Sauber / Ferrari
95%
199 Pierre Gasly FRA Toro Rosso / Alphatauri
94%
372 Carlos Sainz Jr. ESP Toro Rosso / Renault / McLaren
93%
499 Nico Hülkenberg GER Force India / Sauber / Force India / Renault / Racing Point
93%
197 Alexander Albon THA Red Bull Racing
92%
198 Esteban Ocon FRA Force India / Renault
92%
158 Kevin Magnussen DEN McLaren / Renault / Haas
92%
694 Jenson Button GBR McLaren
91%
146 Lando Norris GBR McLaren
91%
125 Michael Schumacher GER Mercedes
91%
703 Felipe Massa BRA Ferrari / Williams
90%
636 Mark Webber AUS Red Bull Racing
89%
391 Romain Grosjean FRA Lotus / Haas
89%
202 Daniil Kvyat RUS Toro Rosso / Red Bull Racing / Toro Rosso / Alphatauri
88%
142 Lance Stroll CAN Williams / Racing Point
88%
76 Pastor Maldonado VEN Williams / Lotus
74%
1 Robert Kubica POL Williams
71%
3 George Russell GBR Williams / Mercedes
66%
90 Kamui Kobayashi JPN Sauber
63%
18 Antonio Giovinazzi ITA Alfa Romeo
59%
18 Marcus Ericsson SWE Sauber
56%
26 Stoffel Vandoorne BEL McLaren
55%
37 Vitaly Petrov RUS Renault
52%
71 Adrian Sutil GER Force India
50%
33 Bruno Senna BRA Renault / Williams
47%
4 Brendon Hartley NZL Toro Rosso
46%
2 Jules Bianchi FRA Marussia
46%
1 Sergey Sirotkin RUS Williams
46%
4 Rubens Barrichello BRA Williams
44%
6 Esteban Gutiérrez MEX Sauber
43%
51 Jean-Éric Vergne FRA Toro Rosso
43%
9 Jolyon Palmer GBR Renault
43%
121 Paul di Resta GBR Force India
43%
15 Sébastien Buemi SUI Toro Rosso
40%
29 Felipe Nasr BRA Sauber
37%
34 Nick Heidfeld GER Renault
37%
6 Pascal Wehrlein GER Manor Racing / Sauber
32%
26 Jaime Alguersuari ESP Toro Rosso
25%
No matching quizzes found
Score Distribution
Percent of People with Each Score
Percentile by Number Answered
Your Score History
You have not taken this quiz